Raíces hebreas en Extremadura (Record no. 13960)

MARC details
000 -LEADER
campo de control de longitud fija 01269nam a2200277 i 4500
001 - NÚMERO DE CONTROL
campo de control 13960
003 - IDENTIFICADOR DE NÚMERO DE CONTROL
campo de control ES-MaACL
005 - FECHA Y HORA DE LA ÚLTIMA TRANSACCIÓN
campo de control 20250630001402.0
007 - CAMPO FIJO DE DESCRIPCIÓN FÍSICA--INFORMACIÓN GENERAL
campo de control de longitud fija t|
008 - DATOS DE LONGITUD FIJA--INFORMACIÓN GENERAL
campo de control de longitud fija 980825s1996 sp ||||1| spa d
020 ## - NÚMERO INTERNACIONAL ESTÁNDAR DEL LIBRO
Número Internacional Estándar del Libro 84-7796-810-1
080 ## - NÚMERO DE LA CLASIFICACIÓN DECIMAL UNIVERSAL
Número de la Clasificación Decimal Universal 9(=924:460.25)(063)
111 2# - ENTRADA PRINCIPAL--NOMBRE DE CONGRESO/REUNIÓN
Nombre de congreso/reunión o jurisdicción como elemento de entrada Jornadas Extremeñas de Estudios Judaicos (
Fecha del congreso o de la firma del tratado 1995.
Sede del congreso/Lugar de la reunión Hervás)
9 (RLIN) 826
245 10 - MENCIÓN DEL TÍTULO
Título Raíces hebreas en Extremadura
Resto del título : del candelabro a la encina : Hervás, 16, 17, 18 y 19 de marzo de 1995 : actas /
Mención de responsabilidad, etc. edición a cargo de Fernando Cortés Cortés, Lucía Castellano Barrios ; edición literaria: Antonio J. Escudero Ríos, Isabel Escudero Ríos.
260 ## - PUBLICACIÓN, DISTRIBUCIÓN, ETC.
Lugar de publicación, distribución, etc. Badajoz :
Nombre del editor, distribuidor, etc. Diputación :
-- Junta de Extremadura, Consejería de Cultura y Patrimonio,
Fecha de publicación, distribución, etc. [1996]
300 ## - DESCRIPCIÓN FÍSICA
Extensión 470 p. ;
Dimensiones 24 cm.
650 14 - PUNTO DE ACCESO ADICIONAL DE MATERIA--TÉRMINO DE MATERIA
Término de materia o nombre geográfico como elemento de entrada Judíos-
Subdivisión geográfica Extremadura-
Subdivisión de forma Congresos y asambleas.
9 (RLIN) 13992
700 1# - ENTRADA AGREGADA--NOMBRE PERSONAL
Nombre de persona Cortés Cortés, Fernando.
9 (RLIN) 40880
700 1# - ENTRADA AGREGADA--NOMBRE PERSONAL
Nombre de persona Castellano Barrios, Lucía.
9 (RLIN) 36512
700 1# - ENTRADA AGREGADA--NOMBRE PERSONAL
Nombre de persona Escudero Ríos, Antonio José.
9 (RLIN) 47710
700 1# - ENTRADA AGREGADA--NOMBRE PERSONAL
Nombre de persona Escudero, Isabel,
Fechas asociadas al nombre 1944-2017
9 (RLIN) 47684
710 1# - ENTRADA AGREGADA--NOMBRE DE ENTIDAD CORPORATIVA
Nombre de entidad corporativa o nombre de jurisdicción como elemento de entrada Badajoz (Provincia).
Unidad subordinada Diputación Provincial
9 (RLIN) 2081
710 1# - ENTRADA AGREGADA--NOMBRE DE ENTIDAD CORPORATIVA
Nombre de entidad corporativa o nombre de jurisdicción como elemento de entrada Extremadura.
Unidad subordinada Consejería de Cultura y Patrimonio.
9 (RLIN) 4051
852 ## - LOCALIZACIÓN
Ubicación ES-MaACL
Número de control de estantería L-21280
Sublocalización o colección R.126385
Holdings
Estatus retirado Estado de pérdida Estado de daño No para préstamo Biblioteca de origen Biblioteca actual Ubicación en estantería Fecha de adquisición Fuente de adquisición Total de préstamos Signatura topográfica completa Código de barras Visto por última vez Precio de reemplazo Tipo de ítem Koha
        Biblioteca del Ateneo de Madrid Biblioteca del Ateneo de Madrid Depósito 2 17/01/2008     L-21280 1014204 23/02/2023 23/02/2023 Libro impreso